Statistiques concernant Les Livres Harry Potter

Cliquez ici pour prendre le quiz!

Statistiques générales

  • Ce quiz a été pris 200 fois
  • Le résultat moyen est 8 sur 8

Statistiques - réponses

Année Année d'Adaptation Filmique Titre du Livre % Correct
19972001Harry Potter à l'École des Sorciers
99%
19982002Harry Potter et la Chambre des Secrets
98%
19992004Harry Potter et le Prisonnier d'Azkaban
97%
20002005Harry Potter et la Coupe de Feu
97%
20072010 : Partie 1Harry Potter et les Reliques de la Mort
94%
20072011 : Partie 2Harry Potter et les Reliques de la Mort
94%
20052009Harry Potter et le Prince de Sang-Mêlé
93%
20032007Harry Potter et l'Ordre du Phénix
91%

Distribution des résultats

Percentile by Number Answered

% des personnes avec chaque résultat

Votre développement - résultats

Vous n’avez pas pris ce quiz